[Event "2. Bundesliga Ost 2010/2011"]
[Site "2+3.10.Zwettl,30.10-1.11.Wien,27+28.11.Wien,29+30.
[Date "2010.10.31"]
[Round "4"]
[Board "1"]
[White "Hodisch, Juri"]
[Black "Papp, Gabor"]
[Result "0-1"]
[WhiteElo "2393"]
[BlackElo "2526"]
[PlyCount "130"]
[EventDate "2010.10.02"]
[EventType "team"]
[EventRounds "11"]
[EventCountry "AUT"]
[WhiteTeam "Aljechin/Wieden"]
[BlackTeam "ASVOE SK Mattersburg"]

1.d4 Nf6 2.c4 e6 3.Nf3 b6 4.g3 Ba6 5.Nbd2 Bb4 6.Qb3 c5 7.Bg2 Bb7 8.O-O Nc6
9.dxc5 Bxc5 10.Qc2 O-O 11.a3 Rc8 12.b4 Be7 13.Bb2 d6 14.Rfd1 Qc7 15.Rac1 Nb8
16.Ng5 Nbd7 17.Nde4 Nxe4 18.Nxe4 Ne5 19.Bxe5 dxe5 20.Nd6 Bxd6 21.Bxb7 Rcd8
22.Bg2 Be7 23.Rxd8 Rxd8 24.Qc3 Rc8 25.h4 Qd6 26.Qd3 Qxd3 27.exd3 f5 28.Kf1 Kf7
29.Rb1 g6 30.Ke2 h6 31.a4 Rb8 32.Ke3 g5 33.hxg5 hxg5 34.Bc6 g4 35.Bg2 Bd6 36.Bc6
Kf6 37.Bg2 f4+ 38.Kd2 f3 39.Bf1 Rh8 40.Ke3 Rh1 41.a5 bxa5 42.c5 Bc7 43.d4 axb4
44.Bd3 Rxb1 45.Bxb1 a5 46.Bc2 Bd8 47.Bb3 Bc7 48.Ke4 exd4 49.Kxd4 Ke7 50.Ke3 Bb8
51.Ke4 Kf6 52.Kd4 Ba7 53.Kc4 Ke5 54.Bc2 Bb8 55.Bb3 Bc7 56.Kd3 Bd8 57.Kc4 Bc7
58.Kb5 Kd4 59.c6 Bd8 60.Bxe6 Kd3 61.Bxg4 Ke2 62.Be6 Kxf2 63.g4 Kg3 64.g5 f2
65.Bc4 b3 0-1

[Event "2. Bundesliga Ost 2010/2011"]
[Site "2+3.10.Zwettl,30.10-1.11.Wien,27+28.11.Wien,29+30.
[Date "2010.10.31"]
[Round "4"]
[Board "2"]
[White "Fodor, Tamas"]
[Black "Heiny, Johannes"]
[Result "1-0"]
[WhiteElo "2451"]
[BlackElo "2263"]
[PlyCount "81"]
[EventDate "2010.10.02"]
[EventType "team"]
[EventRounds "11"]
[EventCountry "AUT"]
[WhiteTeam "ASVOE SK Mattersburg"]
[BlackTeam "Aljechin/Wieden"]

1.Nf3 Nf6 2.c4 g6 3.d4 Bg7 4.Nc3 O-O 5.e4 d6 6.Be2 e5 7.O-O Nc6 8.d5 Ne7 9.b4
Nh5 10.c5 f5 11.Qb3 Kh8 12.Rd1 h6 13.Nd2 Nf6 14.Ba3 f4 15.Nc4 Ne8 16.b5 b6
17.cxd6 Nxd6 18.Bxd6 cxd6 19.a4 g5 20.Na2 g4 21.f3 g3 22.h3 Ng6 23.Bf1 Rg8
24.Nb4 Bf8 25.Nc6 Qg5 26.Rd2 Nh4 27.Raa2 Qh5 28.Qd1 Bxh3 29.gxh3 Nxf3+ 30.Kh1
Rg5 31.Rd3 g2+ 32.Bxg2 Rxg2 33.Kxg2 Nh4+ 34.Kh2 f3 35.Rf2 Bg7 36.Rdxf3 Nxf3+
37.Qxf3 Qh4 38.Nxd6 Rf8 39.Nf5 Qg5 40.Qg3 Qxg3+ 41.Kxg3 1-0

[Event "2. Bundesliga Ost 2010/2011"]
[Site "2+3.10.Zwettl,30.10-1.11.Wien,27+28.11.Wien,29+30.
[Date "2010.10.31"]
[Round "4"]
[Board "3"]
[White "Groetz, Harald"]
[Black "Petran, Peter"]
[Result "0-1"]
[WhiteElo "2321"]
[BlackElo "2325"]
[PlyCount "136"]
[EventDate "2010.10.02"]
[EventType "team"]
[EventRounds "11"]
[EventCountry "AUT"]
[WhiteTeam "Aljechin/Wieden"]
[BlackTeam "ASVOE SK Mattersburg"]

1.e4 g6 2.d4 Bg7 3.Nc3 c6 4.Nf3 b5 5.Bd3 d6 6.Be3 Nd7 7.Qd2 a6 8.a3 e5 9.dxe5
dxe5 10.O-O-O Bb7 11.h4 h5 12.Ng5 Ngf6 13.f3 Qe7 14.Be2 O-O-O 15.Qd6 Rde8 16.a4
Nh7 17.axb5 axb5 18.Nxf7 Qxf7 19.Nxb5 cxb5 20.Bxb5 Nhf6 21.Rd3 Bh6 22.Bxh6 Rxh6
23.Rc3+ Kd8 24.Rd1 Bc8 25.Qb6+ Ke7 26.Qd6+ Kd8 27.Qb8 Ke7 28.Bxd7 Nxd7 29.Qd6+
Kd8 30.Qb6+ Ke7 31.Qb4+ Kf6 32.Rd6+ Kg7 33.Rc7 Rhh8 34.Qb5 Re7 35.Qc6 Qe8 36.g4
hxg4 37.fxg4 Rxh4 38.Rxc8 Qf7 39.b3 Rxg4 40.Kb2 Rf4 41.Rd8 Nf6 42.Qc8 Rf3 43.Rc6
Rb7 44.Rc4 g5 45.Rd6 g4 46.Rdc6 Re7 47.Rc7 Kg6 48.R7c6 Kg5 49.Qd8 Rf4 50.Rc7 Rd7
51.Qb8 Rxc7 52.Rxc7 Qe8 53.Qb7 Kh4 54.Re7 Qd8 55.Ka3 Qa5+ 56.Kb2 Nxe4 57.b4 Qd8
58.Rh7+ Kg3 59.Rd7 Qg8 60.Rd3+ Kg2 61.Qc6 Qh7 62.Re3 g3 63.b5 Kh2 64.b6 g2 65.b7
g1=Q 66.b8=Q Qxe3 67.Qxe5 Qhh3 68.Qcc7 Qa3+ 0-1

[Event "2. Bundesliga Ost 2010/2011"]
[Site "2+3.10.Zwettl,30.10-1.11.Wien,27+28.11.Wien,29+30.
[Date "2010.10.31"]
[Round "4"]
[Board "4"]
[White "Brod, Manfred"]
[Black "Schlosser, Michael"]
[Result "1/2-1/2"]
[WhiteElo "2183"]
[BlackElo "2331"]
[PlyCount "71"]
[EventDate "2010.10.02"]
[EventType "team"]
[EventRounds "11"]
[EventCountry "AUT"]
[WhiteTeam "ASVOE SK Mattersburg"]
[BlackTeam "Aljechin/Wieden"]

1.e4 g6 2.d4 Bg7 3.Nc3 d6 4.Be3 a6 5.Be2 b5 6.f4 Bb7 7.Bf3 e6 8.e5 Bxf3 9.Qxf3
d5 10.f5 gxf5 11.Qg3 Bf8 12.Nce2 h5 13.Nf3 h4 14.Qf2 Nd7 15.O-O-O Bh6 16.Nf4 Nf8
17.g3 hxg3 18.hxg3 Ng6 19.Nh5 Kd7 20.Rh3 Kc6 21.Rdh1 Qe7 22.Nf4 Qf8 23.Kb1 Bxf4
24.Bxf4 Rxh3 25.Rxh3 Nxf4 26.gxf4 Nh6 27.Ng5 Ng4 28.Qh4 Qe7 29.Qh7 Nf2 30.Rh6
Qb4 31.a3 Qe1+ 32.Ka2 Qe2 33.Qxf7 Qc4+ 34.Kb1 Qf1+ 35.Ka2 Qc4+ 36.Kb1 1/2-1/2

[Event "2. Bundesliga Ost 2010/2011"]
[Site "2+3.10.Zwettl,30.10-1.11.Wien,27+28.11.Wien,29+30.
[Date "2010.10.31"]
[Round "4"]
[Board "5"]
[White "Hadjieff, Dieter"]
[Black "Riedner, Martin"]
[Result "0-1"]
[WhiteElo "2175"]
[BlackElo "2146"]
[PlyCount "28"]
[EventDate "2010.10.02"]
[EventType "team"]
[EventRounds "11"]
[EventCountry "AUT"]
[WhiteTeam "Aljechin/Wieden"]
[BlackTeam "ASVOE SK Mattersburg"]

1.Nf3 d6 2.e4 e5 3.d4 exd4 4.Nxd4 Nf6 5.Nc3 Be7 6.Bf4 O-O 7.Qd2 Nc6 8.Nxc6 bxc6
9.O-O-O Be6 10.e5 Nd5 11.Nxd5 cxd5 12.exd6 Bxd6 13.Bb5 Rb8 14.Bc6 Qf6 0-1

[Event "2. Bundesliga Ost 2010/2011"]
[Site "2+3.10.Zwettl,30.10-1.11.Wien,27+28.11.Wien,29+30.
[Date "2010.10.31"]
[Round "4"]
[Board "6"]
[White "Savio, Alfred Jun."]
[Black "Batyte, Daiva"]
[Result "0-1"]
[WhiteElo "2063"]
[BlackElo "2167"]
[PlyCount "138"]
[EventDate "2010.10.02"]
[EventType "team"]
[EventRounds "11"]
[EventCountry "AUT"]
[WhiteTeam "ASVOE SK Mattersburg"]
[BlackTeam "Aljechin/Wieden"]

1.d4 Nf6 2.Nc3 d5 3.Bg5 h6 4.Bxf6 exf6 5.e3 c6 6.Bd3 g6 7.Nge2 Bg7 8.Nf4 f5 9.h4
Nd7 10.g4 fxg4 11.Qxg4 Ne5 12.Qg3 Nxd3+ 13.cxd3 Qd6 14.O-O-O Bd7 15.Kb1 O-O-O
16.Rc1 Kb8 17.Rhd1 Bf6 18.Rh1 g5 19.Nh5 Qxg3 20.fxg3 Be7 21.Rcf1 f5 22.hxg5 hxg5
23.Ng7 Rhf8 24.e4 fxe4 25.dxe4 Bf6 26.Nh5 Bxd4 27.exd5 Bf5+ 28.Ka1 Bxc3 29.bxc3
cxd5 30.Ng7 Bg4 31.Re1 Rd7 32.Ne6 Bxe6 33.Rxe6 Rf3 34.g4 Rxc3 35.Re5 Rg3 36.Rxg5
d4 37.Rd1 Kc7 38.Rc5+ Kb6 39.Rg5 a5 40.Rd2 a4 41.Rb2+ Kc6 42.Rc2+ Kd6 43.Rd2 Ke6
44.Re2+ Re3 45.Rb2 Re1+ 46.Rb1 Rxb1+ 47.Kxb1 Rc7 48.Rf5 d3 49.Rf1 Ke5 50.g5 Ke4
51.g6 d2 52.Rh1 a3 53.Rh4+ Kf3 54.Rh1 b5 55.Rg1 b4 56.Rh1 Rg7 57.Kc2 Rxg6 58.Rh2
Rd6 59.Kd1 Rd4 60.Rh3+ Ke4 61.Rg3 Kd5 62.Rg5+ Kc4 63.Rg3 Rf4 64.Kc2 Rf2 65.Rg4+
Kb5 66.Kd1 b3 67.Rg5+ Kc6 68.Rg6+ Kd5 69.Rb6 bxa2 0-1

[Event "2. Bundesliga Ost 2010/2011"]
[Site "2+3.10.Zwettl,30.10-1.11.Wien,27+28.11.Wien,29+30.
[Date "2010.10.31"]
[Round "4"]
[Board "1"]
[White "Zilka, Stepan"]
[Black "Boros, Denez"]
[Result "1-0"]
[WhiteElo "2479"]
[BlackElo "2508"]
[PlyCount "119"]
[EventDate "2010.10.02"]
[EventType "team"]
[EventRounds "11"]
[EventCountry "AUT"]
[WhiteTeam "Blackburne Nickelsdorf"]
[BlackTeam "Husek Wien"]

1.d4 d5 2.Nf3 e6 3.c4 dxc4 4.e3 a6 5.Bxc4 b5 6.Bd3 c5 7.a4 b4 8.O-O Bb7 9.Nbd2
Nd7 10.Re1 Ne7 11.Nc4 Ng6 12.Nfe5 cxd4 13.Nxd7 Qxd7 14.Na5 Bxg2 15.Kxg2 Qd5+
16.Kf1 Qxa5 17.Qf3 Rc8 18.Qb7 Qc7 19.Qxc7 Rxc7 20.exd4 Bd6 21.Bxa6 Bxh2 22.Bb5+
Ke7 23.Bg5+ f6 24.Bd2 Bd6 25.d5 e5 26.Rec1 Rhc8 27.Rc6 Nf4 28.Bxf4 Rxc6 29.Bxc6
exf4 30.a5 Bb8 31.a6 Ba7 32.Re1+ Kf7 33.Re4 g5 34.Rxb4 Rc7 35.Rc4 Ke7 36.Re4+
Kf7 37.b4 Re7 38.Rc4 f3 39.d6 Re2 40.Bxf3 Rxf2+ 41.Ke1 Ke6 42.Rc7 Bb6 43.Be2 Rf4
44.a7 Bf2+ 45.Kd2 Bxa7 46.Rxa7 Rxb4 47.Kc3 Rb8 48.d7 f5 49.Bb5 g4 50.Rc7 Rd8
51.Rc8 Ke7 52.Kd4 f4 53.Ke4 f3 54.Ke3 h5 55.Kf2 h4 56.Bc6 h3 57.Kg3 h2 58.Kxh2
f2 59.Kg2 g3 60.Bb5 1-0

[Event "2. Bundesliga Ost 2010/2011"]
[Site "2+3.10.Zwettl,30.10-1.11.Wien,27+28.11.Wien,29+30.
[Date "2010.10.31"]
[Round "4"]
[Board "2"]
[White "Mihok, Oliver"]
[Black "Pinter, Erik"]
[Result "1-0"]
[WhiteElo "2463"]
[BlackElo "2379"]
[PlyCount "81"]
[EventDate "2010.10.02"]
[EventType "team"]
[EventRounds "11"]
[EventCountry "AUT"]
[WhiteTeam "Husek Wien"]
[BlackTeam "Blackburne Nickelsdorf"]

1.e4 c5 2.Nf3 d6 3.d4 cxd4 4.Nxd4 Nf6 5.Nc3 Nc6 6.Bg5 e6 7.Qd2 a6 8.O-O-O Bd7
9.f3 Be7 10.h4 h6 11.Be3 h5 12.Kb1 Qc7 13.Bg5 b5 14.Bxb5 axb5 15.Ndxb5 Qb8
16.Nxd6+ Kf8 17.Rhe1 Ne5 18.f4 Neg4 19.e5 Bxd6 20.Qxd6+ Qxd6 21.Rxd6 Be8 22.f5
Nh7 23.fxe6 Nxg5 24.hxg5 fxe6 25.Rxe6 h4 26.Rf1+ Kg8 27.Nd5 Rh5 28.Nc7 Bf7
29.Rxf7 Kxf7 30.g6+ Kg8 31.Nxa8 Rxe5 32.Nc7 Rxe6 33.Nxe6 Ne3 34.a4 Nxg2 35.Ng5
Nf4 36.a5 Nd5 37.a6 Nc7 38.a7 Na8 39.c4 Kf8 40.b4 Ke7 41.c5 1-0

[Event "2. Bundesliga Ost 2010/2011"]
[Site "2+3.10.Zwettl,30.10-1.11.Wien,27+28.11.Wien,29+30.
[Date "2010.10.31"]
[Round "4"]
[Board "3"]
[White "Vlcek, Stanislav"]
[Black "Binder, Michael"]
[Result "1/2-1/2"]
[WhiteElo "2257"]
[BlackElo "2294"]
[PlyCount "83"]
[EventDate "2010.10.02"]
[EventType "team"]
[EventRounds "11"]
[EventCountry "AUT"]
[WhiteTeam "Blackburne Nickelsdorf"]
[BlackTeam "Husek Wien"]

1.c4 e6 2.Nf3 Nf6 3.g3 d5 4.Bg2 Be7 5.O-O O-O 6.b3 b6 7.Bb2 Bb7 8.e3 Nbd7 9.Nc3
c5 10.Qe2 Rc8 11.Rac1 Qc7 12.cxd5 Nxd5 13.Nxd5 Bxd5 14.e4 Bb7 15.d4 Qb8 16.Rfd1
Qa8 17.Ne1 Rfd8 18.Nd3 cxd4 19.Rxc8 Rxc8 20.Bxd4 Nf6 21.f3 h6 22.Qb2 Ne8 23.Ne5
Rd8 24.Qa1 Bf6 25.Nc4 Qb8 26.Bxf6 Nxf6 27.Rd4 Qc7 28.b4 a5 29.Rxd8+ Qxd8 30.bxa5
bxa5 31.Bf1 Ba6 32.Qc3 Bxc4 33.Bxc4 Qb6+ 34.Kg2 Nd7 35.Bb3 Nc5 36.Qd4 Qc7 37.Bc4
Nb7 38.e5 Nc5 39.Bb5 Qb6 40.a4 Qc7 41.h4 Kf8 42.g4 1/2-1/2

[Event "2. Bundesliga Ost 2010/2011"]
[Site "2+3.10.Zwettl,30.10-1.11.Wien,27+28.11.Wien,29+30.
[Date "2010.10.31"]
[Round "4"]
[Board "4"]
[White "Maros, Milan"]
[Black "Bachofner, Andreas"]
[Result "1/2-1/2"]
[WhiteElo "2329"]
[BlackElo "2243"]
[PlyCount "89"]
[EventDate "2010.10.02"]
[EventType "team"]
[EventRounds "11"]
[EventCountry "AUT"]
[WhiteTeam "Husek Wien"]
[BlackTeam "Blackburne Nickelsdorf"]

1.e4 e6 2.d4 d5 3.Nc3 Bb4 4.e5 b6 5.Qg4 Bf8 6.h4 Qd7 7.h5 Ba6 8.Nge2 c5 9.h6 g6
10.Bf4 Nc6 11.O-O-O cxd4 12.Nxd4 Bxf1 13.Rhxf1 Nxh6 14.Qh3 Nxd4 15.Rxd4 Nf5
16.Rd2 O-O-O 17.g4 Ng7 18.Bg5 Be7 19.Bh6 Ne8 20.f4 Kb8 21.a3 Rc8 22.f5 Qc6
23.Ne2 Qa4 24.Kb1 Nc7 25.Nd4 Nb5 26.Nxb5 Qxb5 27.fxe6 Bxa3 28.c4 Qxc4 29.bxa3
fxe6 30.Bg7 Rhg8 31.Bf6 Rc5 32.Be7 Rb5+ 33.Ka1 Rb3 34.Qg2 Rc8 35.Bd6+ Ka8 36.Rb2
Rxb2 37.Kxb2 Qd4+ 38.Ka2 Rc3 39.Rf8+ Kb7 40.Rf7+ Ka6 41.Qe2+ Rd3 42.Rc7 b5
43.Rc6+ Kb7 44.Rc7+ Ka6 45.Rc6+ 1/2-1/2

[Event "2. Bundesliga Ost 2010/2011"]
[Site "2+3.10.Zwettl,30.10-1.11.Wien,27+28.11.Wien,29+30.
[Date "2010.10.31"]
[Round "4"]
[Board "5"]
[White "Koffler, Daniel"]
[Black "Kalisky, Vladimir"]
[Result "0-1"]
[WhiteElo "2199"]
[BlackElo "2273"]
[PlyCount "70"]
[EventDate "2010.10.02"]
[EventType "team"]
[EventRounds "11"]
[EventCountry "AUT"]
[WhiteTeam "Blackburne Nickelsdorf"]
[BlackTeam "Husek Wien"]

1.e4 c5 2.Nf3 Nc6 3.Bb5 g6 4.Bxc6 dxc6 5.O-O Bg7 6.Re1 e5 7.d3 Qe7 8.b3 Nf6
9.Nbd2 O-O 10.Bb2 Nh5 11.Nc4 f6 12.a4 b6 13.Kh1 Nf4 14.Bc1 Ne6 15.Bb2 Bd7 16.Ne3
Rad8 17.Qe2 Bc8 18.g3 Rfe8 19.Ng2 Bh6 20.Rg1 Qf8 21.h4 Qd6 22.Raf1 Qd7 23.Nh2
Nd4 24.Bxd4 Qxd4 25.f4 Bh3 26.h5 Qd7 27.hxg6 hxg6 28.f5 Qh7 29.fxg6 Qxg6 30.Qf3
Bg5 31.Nh4 Qh7 32.Rf2 Kg7 33.Ng4 Qh5 34.Nxf6 Qxf3+ 35.Rxf3 Bxf6 0-1

[Event "2. Bundesliga Ost 2010/2011"]
[Site "2+3.10.Zwettl,30.10-1.11.Wien,27+28.11.Wien,29+30.
[Date "2010.10.31"]
[Round "4"]
[Board "6"]
[White "Zojer, Stefan"]
[Black "Steinert, Martin"]
[Result "1-0"]
[WhiteElo "2043"]
[BlackElo "2081"]
[PlyCount "41"]
[EventDate "2010.10.02"]
[EventType "team"]
[EventRounds "11"]
[EventCountry "AUT"]
[WhiteTeam "Husek Wien"]
[BlackTeam "Blackburne Nickelsdorf"]

1.e4 d5 2.exd5 Qxd5 3.d4 Nc6 4.Nf3 Bg4 5.Be2 e6 6.O-O O-O-O 7.c4 Qa5 8.Be3 Nf6
9.Nbd2 Bxf3 10.Nxf3 h6 11.a3 Qf5 12.b4 Ng4 13.b5 Nb8 14.Qa4 Nxe3 15.fxe3 Qe4
16.Qb3 f6 17.c5 g5 18.Nd2 Qh7 19.Qxe6+ Qd7 20.Bg4 Rh7 21.Qe4 1-0

[Event "2. Bundesliga Ost 2010/2011"]
[Site "2+3.10.Zwettl,30.10-1.11.Wien,27+28.11.Wien,29+30.
[Date "2010.10.31"]
[Round "4"]
[Board "1"]
[White "Videki, Sandor"]
[Black "Wukits, Rene"]
[Result "1-0"]
[WhiteElo "2441"]
[BlackElo "2307"]
[PlyCount "155"]
[EventDate "2010.10.02"]
[EventType "team"]
[EventRounds "11"]
[EventCountry "AUT"]
[WhiteTeam "Spg Data Technology Eichgraben/P."]
[BlackTeam "SV Tschaturanga Neubau"]

1.e4 c5 2.Nf3 e6 3.d4 cxd4 4.Nxd4 a6 5.c4 d6 6.Nc3 Nf6 7.Be2 b6 8.O-O Bb7 9.f3
Be7 10.Be3 O-O 11.Qd2 Nbd7 12.Rfd1 Qc7 13.Rac1 Rac8 14.Bf1 Rfe8 15.Kh1 Qb8 16.a3
Bd8 17.Bg1 Bc7 18.Qf2 Kh8 19.Nc2 Rg8 20.b4 g5 21.Ne3 Rg6 22.Qb2 Kg8 23.Qd2 Ne5
24.Be2 Qa8 25.h3 h5 26.Bh2 g4 27.hxg4 hxg4 28.Bxe5 dxe5 29.Nxg4 Nxg4 30.fxg4 Kg7
31.Rf1 Rd8 32.Qe3 Rd4 33.Kg1 Bd8 34.Qf3 Rd7 35.Rcd1 Qc8 36.Rxd7 Qxd7 37.Rd1 Qc8
38.Qg3 Qc7 39.Qd3 Bg5 40.Kf2 Qe7 41.g3 Rh6 42.Kg2 Rh8 43.Qd7 Rd8 44.Qxe7 Bxe7
45.Rxd8 Bxd8 46.Kf3 Bg5 47.Na2 Kf8 48.Bd3 Ke8 49.Ke2 Kd7 50.Bc2 Be7 51.Ba4+ Kd8
52.Kd3 a5 53.Bc2 Kc7 54.Kc3 Bg5 55.Kd3 Be7 56.Ba4 Kd8 57.Bd1 Kc7 58.Bf3 Kd8
59.Kc2 Kc7 60.Kb3 Bc6 61.Nc1 f5 62.gxf5 exf5 63.Ne2 axb4 64.axb4 Bg5 65.Kc2 Be3
66.Kd3 Bf2 67.b5 Bb7 68.g4 fxg4 69.Bxg4 Bc8 70.Bxc8 Kxc8 71.Nc1 Kd7 72.Ke2 Bd4
73.Kf3 Bc5 74.Nd3 Bd6 75.Kg4 Ke6 76.Kg5 Be7+ 77.Kg6 Bd6 78.Ne1 1-0

[Event "2. Bundesliga Ost 2010/2011"]
[Site "2+3.10.Zwettl,30.10-1.11.Wien,27+28.11.Wien,29+30.
[Date "2010.10.31"]
[Round "4"]
[Board "2"]
[White "Kreindl, Helmut"]
[Black "Ganaus, Hannes"]
[Result "0-1"]
[WhiteElo "2179"]
[BlackElo "2310"]
[PlyCount "112"]
[EventDate "2010.10.02"]
[EventType "team"]
[EventRounds "11"]
[EventCountry "AUT"]
[WhiteTeam "SV Tschaturanga Neubau"]
[BlackTeam "Spg Data Technology Eichgraben/P."]

1.d4 c5 2.d5 Nf6 3.c4 d6 4.Nc3 g6 5.e4 Bg7 6.Bd3 O-O 7.Nge2 Na6 8.O-O Nc7 9.Bg5
a6 10.a4 Rb8 11.Qd2 b5 12.Bxf6 Bxf6 13.cxb5 e6 14.Rfd1 exd5 15.Nxd5 Nxd5 16.exd5
Bd7 17.Nc3 Bxc3 18.bxc3 axb5 19.Bxb5 Bxb5 20.axb5 Rxb5 21.Qf4 Kg7 22.Ra6 Rb6
23.Rxb6 Qxb6 24.h4 Qd8 25.h5 g5 26.Qg3 Qf6 27.Re1 Ra8 28.Re3 Ra4 29.Qh3 Ra1+
30.Kh2 Qxf2 31.Rf3 Qg1+ 32.Kg3 Qe1+ 33.Kh2 Qh1+ 34.Kg3 Qxh3+ 35.Kxh3 Rd1 36.c4
Rd4 37.Ra3 Rh4+ 38.Kg3 Rxc4 39.Ra6 Kh6 40.Rxd6+ Kxh5 41.Rf6 Rd4 42.Rxf7 Rd3+
43.Kf2 Rxd5 44.Rxh7+ Kg4 45.Rc7 Rf5+ 46.Kg1 Kg3 47.Rg7 c4 48.Rc7 Ra5 49.Kf1 Ra4
50.Rc8 g4 51.Rc7 Ra1+ 52.Ke2 Ra2+ 53.Ke3 Rc2 54.Rc8 Kxg2 55.Kf4 g3 56.Rg8 Rc3 0-1

[Event "2. Bundesliga Ost 2010/2011"]
[Site "2+3.10.Zwettl,30.10-1.11.Wien,27+28.11.Wien,29+30.
[Date "2010.10.31"]
[Round "4"]
[Board "3"]
[White "Neumeier, Klaus"]
[Black "Kleiser, Gregor"]
[Result "0-1"]
[WhiteElo "2374"]
[BlackElo "2258"]
[PlyCount "132"]
[EventDate "2010.10.02"]
[EventType "team"]
[EventRounds "11"]
[EventCountry "AUT"]
[WhiteTeam "Spg Data Technology Eichgraben/P."]
[BlackTeam "SV Tschaturanga Neubau"]

1.e4 e5 2.Nf3 Nc6 3.Bb5 Nf6 4.O-O Nxe4 5.d4 Nd6 6.dxe5 Nxb5 7.a4 Nxe5 8.Nxe5 Nd6
9.Re1 Be7 10.Bg5 Nf5 11.Bxe7 Nxe7 12.Qh5 O-O 13.Nc3 d5 14.Rad1 c6 15.Ne4 f6
16.Nf3 Qc7 17.Nc5 b6 18.Ne6 Bxe6 19.Rxe6 Ng6 20.g3 Rfe8 21.Qg4 Nf8 22.Ree1 Rxe1+
23.Rxe1 c5 24.Nh4 Rd8 25.Nf5 g6 26.Re7 Rd7 27.Nh6+ Kh8 28.Re8 Kg7 29.Qh4 Qd6
30.Ng4 Rf7 31.Qh6+ Kg8 32.Qe3 Rd7 33.Qf3 Kg7 34.Qxf6+ Qxf6 35.Nxf6 Kxf6 36.Rxf8+
Ke5 37.Re8+ Kd4 38.Re3 Kc4 39.f4 d4 40.b3+ Kb4 41.Rf3 Ka3 42.g4 Kb2 43.Rf2 d3
44.cxd3+ Kxb3 45.a5 Rxd3 46.axb6 axb6 47.f5 gxf5 48.gxf5 Rd7 49.f6 Rf7 50.Rf5
Kc2 51.Kf2 c4 52.Ke2 Kc3 53.Kd1 Kd3 54.Rd5+ Kc3 55.Rf5 b5 56.Kc1 b4 57.Rf3+ Kd4
58.Rf4+ Kd3 59.Kb2 h5 60.h4 c3+ 61.Kb3 c2 62.Rc4 Rxf6 63.Rxc2 Rf4 64.Rh2 Ke3
65.Kc2 Rd4 66.Rh1 Kf2 0-1

[Event "2. Bundesliga Ost 2010/2011"]
[Site "2+3.10.Zwettl,30.10-1.11.Wien,27+28.11.Wien,29+30.
[Date "2010.10.31"]
[Round "4"]
[Board "4"]
[White "Ponjican, Erich"]
[Black "Weissenbeck, Manuel"]
[Result "0-1"]
[WhiteElo "2206"]
[BlackElo "2316"]
[PlyCount "60"]
[EventDate "2010.10.02"]
[EventType "team"]
[EventRounds "11"]
[EventCountry "AUT"]
[WhiteTeam "SV Tschaturanga Neubau"]
[BlackTeam "Spg Data Technology Eichgraben/P."]

1.e4 c5 2.Nf3 d6 3.d4 cxd4 4.Nxd4 Nf6 5.Nc3 a6 6.Bg5 e6 7.f4 Be7 8.Qf3 h6 9.Bh4
Qb6 10.O-O-O Nc6 11.Bf2 Qc7 12.f5 Ne5 13.Qe2 b5 14.fxe6 fxe6 15.Nf3 Bd7 16.Nxe5
dxe5 17.g4 O-O 18.Be3 b4 19.Nb1 Rac8 20.Rg1 Ba4 21.b3 Nxe4 22.bxa4 Rf3 23.Rd3
Rxe3 24.Rxe3 Bg5 25.Kb2 Bxe3 26.Qxe3 Qxc2+ 27.Ka1 Nc3 28.Nxc3 bxc3 29.Qb6 Qd1+
30.Qb1 c2 0-1

[Event "2. Bundesliga Ost 2010/2011"]
[Site "2+3.10.Zwettl,30.10-1.11.Wien,27+28.11.Wien,29+30.
[Date "2010.10.31"]
[Round "4"]
[Board "5"]
[White "Pichler, Michael"]
[Black "Schwaninger, Wolfgang"]
[Result "1-0"]
[WhiteElo "2253"]
[BlackElo "2146"]
[PlyCount "83"]
[EventDate "2010.10.02"]
[EventType "team"]
[EventRounds "11"]
[EventCountry "AUT"]
[WhiteTeam "Spg Data Technology Eichgraben/P."]
[BlackTeam "SV Tschaturanga Neubau"]

1.e4 d6 2.d4 g6 3.Nf3 Bg7 4.Nc3 c6 5.Be3 Nf6 6.h3 O-O 7.Qd2 e6 8.Bd3 Nbd7 9.O-O
a6 10.Bh6 e5 11.Bxg7 Kxg7 12.Ne2 Nh5 13.Rad1 b5 14.c4 c5 15.dxe5 Nxe5 16.Nxe5
dxe5 17.Qc3 Qf6 18.cxb5 axb5 19.Bxb5 Rxa2 20.Bc4 Ra4 21.b3 Rb4 22.Rd5 Re8
23.Rxc5 Rb6 24.Ra1 Be6 25.Bxe6 Qxe6 26.b4 Re7 27.Raa5 f6 28.b5 Qd7 29.Rd5 Qb7
30.Qd3 Qc8 31.Ra6 Rxa6 32.bxa6 Nf4 33.Nxf4 Qc1+ 34.Qd1 Qxf4 35.Rd7 Rxd7 36.Qxd7+
Kh6 37.g3 Qxe4 38.Qb7 Qe1+ 39.Kg2 e4 40.a7 Qe2 41.a8=Q Qf3+ 42.Kg1 1-0

[Event "2. Bundesliga Ost 2010/2011"]
[Site "2+3.10.Zwettl,30.10-1.11.Wien,27+28.11.Wien,29+30.
[Date "2010.10.31"]
[Round "4"]
[Board "6"]
[White "Petschar, Hans"]
[Black "Hechl, Gerald"]
[Result "0-1"]
[WhiteElo "2088"]
[BlackElo "2261"]
[PlyCount "60"]
[EventDate "2010.10.02"]
[EventType "team"]
[EventRounds "11"]
[EventCountry "AUT"]
[WhiteTeam "SV Tschaturanga Neubau"]
[BlackTeam "Spg Data Technology Eichgraben/P."]

1.c4 b6 2.Nc3 Bb7 3.Nf3 e6 4.g3 Bxf3 5.exf3 c5 6.d4 cxd4 7.Qxd4 Nc6 8.Qd1 Bb4
9.Bf4 Bxc3+ 10.bxc3 Qf6 11.Rc1 g5 12.Be3 Nge7 13.Bg2 Rc8 14.h4 gxh4 15.Rxh4 Nf5
16.Rf4 Qg6 17.Qe2 h5 18.Rd1 Rg8 19.Bh3 Nxg3 20.Qd2 Rd8 21.c5 b5 22.Qd6 Ne7 23.c6
Nxc6 24.Bc5 Qg7 25.Rfd4 Nh1 26.Bg4 Qe5+ 27.Qxe5 Nxe5 28.Bxh5 Rh8 29.Bd6 Rxh5
30.f4 Nf3+ 0-1

[Event "2. Bundesliga Ost 2010/2011"]
[Site "2+3.10.Zwettl,30.10-1.11.Wien,27+28.11.Wien,29+30.
[Date "2010.10.31"]
[Round "4"]
[Board "1"]
[White "Poetz, Florian"]
[Black "Schweda, Roland"]
[Result "1-0"]
[WhiteElo "2350"]
[BlackElo "2457"]
[PlyCount "85"]
[EventDate "2010.10.02"]
[EventType "team"]
[EventRounds "11"]
[EventCountry "AUT"]
[WhiteTeam "Niederabsdorf"]
[BlackTeam "ASVOE Wulkaprodersdorf"]

1.e4 c5 2.Nf3 d6 3.d4 cxd4 4.Nxd4 Nf6 5.Nc3 a6 6.Be3 e5 7.Nb3 Be6 8.f3 Be7 9.Qd2
O-O 10.O-O-O Nbd7 11.g4 Qc7 12.Kb1 b5 13.g5 Nh5 14.Rg1 b4 15.Nd5 Bxd5 16.exd5 a5
17.Rg4 Rfb8 18.h4 Bf8 19.Rc4 Qb7 20.Bh3 a4 21.Nc1 b3 22.cxb3 axb3 23.a3 g6
24.Ne2 Nb6 25.Rc6 Na4 26.Rdc1 Nc5 27.Bg4 Nf4 28.Nxf4 exf4 29.Bxf4 Ra6 30.R1xc5
dxc5 31.Rxa6 Qxa6 32.Bxb8 Qf1+ 33.Qc1 Qd3+ 34.Ka1 Bg7 35.Bf4 c4 36.Bd2 Qxd5
37.Qe1 Qd3 38.Qe8+ Bf8 39.Qe3 Qc2 40.Qc3 Qd1+ 41.Qc1 Qe2 42.Qe1 Qg2 43.Be6 1-0

[Event "2. Bundesliga Ost 2010/2011"]
[Site "2+3.10.Zwettl,30.10-1.11.Wien,27+28.11.Wien,29+30.
[Date "2010.10.31"]
[Round "4"]
[Board "2"]
[White "Volkmann, Friedrich Karl"]
[Black "Schwarhofer, Christopher"]
[Result "1-0"]
[WhiteElo "2409"]
[BlackElo "2222"]
[PlyCount "99"]
[EventDate "2010.10.02"]
[EventType "team"]
[EventRounds "11"]
[EventCountry "AUT"]
[WhiteTeam "ASVOE Wulkaprodersdorf"]
[BlackTeam "Niederabsdorf"]

1.e4 c5 2.Nf3 d6 3.d4 cxd4 4.Nxd4 Nf6 5.Nc3 g6 6.Be3 Bg7 7.f3 a6 8.g4 b5 9.g5
Nfd7 10.a4 bxa4 11.Nxa4 Bb7 12.h4 Nc6 13.h5 Qa5+ 14.c3 Nxd4 15.Bxd4 Bxd4 16.Qxd4
Qe5 17.Qxe5 Nxe5 18.Kf2 O-O 19.Nb6 Rab8 20.Nc4 Nxc4 21.Bxc4 Rfc8 22.b3 Rc5
23.hxg6 hxg6 24.Rh6 Rxg5 25.Rah1 Rh5 26.Rxg6+ Kh7 27.Rxh5+ Kxg6 28.Ra5 e6 29.Ke3
Kf6 30.Kd4 Ra8 31.f4 Ke7 32.b4 Kd7 33.Be2 f6 34.e5 fxe5+ 35.fxe5 Rh8 36.exd6
Kxd6 37.Bxa6 e5+ 38.Kc4 Rh4+ 39.Kb5 Bf3 40.Kb6 e4 41.Bb7 Rh7 42.c4 Ke6 43.c5
Rxb7+ 44.Kxb7 e3+ 45.c6 e2 46.Ra1 Kd6 47.b5 Kc5 48.Kb8 Kxb5 49.c7 Bg4 50.Re1 1-0

[Event "2. Bundesliga Ost 2010/2011"]
[Site "2+3.10.Zwettl,30.10-1.11.Wien,27+28.11.Wien,29+30.
[Date "2010.10.31"]
[Round "4"]
[Board "3"]
[White "Schreiner, Peter"]
[Black "Sandhu, Mario"]
[Result "1/2-1/2"]
[WhiteElo "2257"]
[BlackElo "2330"]
[PlyCount "101"]
[EventDate "2010.10.02"]
[EventType "team"]
[EventRounds "11"]
[EventCountry "AUT"]
[WhiteTeam "Niederabsdorf"]
[BlackTeam "ASVOE Wulkaprodersdorf"]

1.d4 Nf6 2.c4 d6 3.g3 e5 4.dxe5 dxe5 5.Qxd8+ Kxd8 6.Bg2 Bb4+ 7.Bd2 Bxd2+ 8.Nxd2
c6 9.Ngf3 Re8 10.O-O-O Kc7 11.Ng5 Re7 12.Nde4 Nxe4 13.Nxe4 a5 14.Kc2 Bf5 15.Kc3
Na6 16.b3 Bxe4 17.Bxe4 Nc5 18.Bc2 Rd8 19.Rxd8 Kxd8 20.a3 Ne6 21.e3 g6 22.b4 Kc7
23.h4 h5 24.c5 axb4+ 25.axb4 Ng7 26.Bb3 Ne8 27.e4 Nf6 28.f3 Rd7 29.Ra1 Kb8
30.Rd1 Rxd1 31.Bxd1 Ng8 32.Bb3 Nh6 33.f4 f6 34.fxe5 fxe5 35.Be6 Kc7 36.Kc4 b5+
37.cxb6+ Kxb6 38.Kc3 c5 39.Bd7 cxb4+ 40.Kxb4 Ng8 41.Be8 Nf6 42.Bxg6 Kc6 43.Kc4
Kb6 44.Bxh5 Nxh5 45.Kd5 Nxg3 46.Kxe5 Kc7 47.Ke6 Nxe4 48.h5 Kd8 49.Kf7 Nd6+
50.Ke6 Ke8 51.Kxd6 1/2-1/2